Obreros y ciudadanos: la desestructuración de la clase obrera
সংরক্ষণ করুন:
| প্রধান লেখক: | |
|---|---|
| বিন্যাস: | গ্রন্থ |
| ভাষা: | স্প্যানিশ |
| প্রকাশিত: |
Madrid
Trotta
1993
|
| সংস্করন: | 2a. ed |
| মালা: | Colección Estructuras y Procesos, Serie 1§ de mayo
|
| বিষয়গুলি: | |
| ট্যাগগুলো: |
ট্যাগ যুক্ত করুন
কোনো ট্যাগ নেই, প্রথমজন হিসাবে ট্যাগ করুন!
|
MARC
| LEADER | 00000nam a2200000 a 4500 | ||
|---|---|---|---|
| 001 | UCP3669 | ||
| 003 | CL-VaPUC | ||
| 008 | 990702e19930000SP |||||||||||||||||spa|d | ||
| 082 | 0 | 4 | |a 305.562 |b BIL |2 21 |
| 100 | 0 | |a Bilbao, Andrés |e author |9 431091 | |
| 245 | 1 | 0 | |a Obreros y ciudadanos: la desestructuración de la clase obrera |
| 250 | |a 2a. ed | ||
| 300 | |a 173 p | ||
| 942 | |c BK | ||
| 945 | |d 19990702 00:00:00 |a vberengu | ||
| 260 | |a Madrid |b Trotta |c 1993 | ||
| 650 | 0 | |a Clases sociales |9 256858 | |
| 650 | 0 | |a Trabajo |9 313876 | |
| 650 | 0 | |a Trabajadores |9 260887 | |
| 650 | 7 | |a CIUDADANOS |2 CL-VaPUC |9 431092 | |
| 650 | 0 | |a Conflictos laborales |9 256688 | |
| 650 | 7 | |a HUELGA |2 CL-VaPUC |9 17 | |
| 650 | 0 | |a Sindicatos |9 255034 | |
| 583 | |a last modification |c 19990702 00:00:00 |k Rodrigo Vera | ||
| 490 | 0 | |a Colección Estructuras y Procesos, Serie 1§ de mayo | |
| 999 | |c 281930 |d 281928 | ||
| 952 | |0 0 |1 0 |4 0 |6 305_562000000000000_BIL_1993 |7 0 |8 A |9 323096 |a BIBGIM |b BIBGIM |d 2019-11-20 |i 353586K |o 305.562 BIL 1993 |p 353586K |r 2025-01-15 |w 2019-11-20 |y BK |k SSL | ||